|
|
|
|
| LEADER |
00000nam a22000007a 4500 |
| 008 |
251110s1988 sl |||| o|||| 00| 0 spa d |
| 040 |
|
|
|a UAHC
|c UAHC
|
| 110 |
|
|
|a Organización de Estados Americanos
|9 22278
|
| 245 |
|
|
|a Protocolo adicional a la Convención Americana sobre Derechos Humanos en materia de derechos económicos, sociales y culturales
|c Organización de Estados Americanos.
|
| 260 |
|
|
|b Organización de Estados Americanos,
|c 1988.
|
| 300 |
|
|
|a 8 páginas
|
| 500 |
|
|
|a Sitio visitado https://www.oas.org/juridico/spanish/tratados/a-52.html el 6 de noviembre de 2025.
|
| 520 |
|
|
|a El Protocolo de San Salvador es un instrumento jurídico que complementa la Convención Americana sobre Derechos Humanos, enfocado en garantizar los derechos económicos, sociales y culturales en los Estados miembros de la Organización de los Estados Americanos (OEA). Fue adoptado en 1988 y entró en vigor en 1999, comprometiendo a los Estados a tomar medidas progresivas para asegurar el cumplimiento de derechos como el trabajo, la seguridad social, la salud, la educación, la cultura y un medio ambiente sano.
|
| 856 |
|
|
|y Acceso electrónico al documento
|u https://www.oas.org/juridico/spanish/tratados/a-52.html
|
| 942 |
|
|
|c RL
|2 ddc
|
| 952 |
|
|
|0 0
|1 0
|4 0
|6 RECURSO_ELECTRÓNICO
|7 0
|8 COMP
|9 101454
|a BR
|b BR
|c Digital
|d 2025-11-10
|l 0
|o Recurso electrónico
|r 2025-11-10 20:42:10
|w 2025-11-10
|y RL
|B DER
|
| 999 |
|
|
|c 63153
|d 63153
|